Rarest Mobs in Minecraft - Statistics

General Stats
  • This quiz has been taken 46 times
  • The average score is 6 of 10
Answer Stats
Hint Answer % Correct
A sheep Pink Sheep
95%
Something riding something else Jockeys
89%
Creeper when it gets struck by lightning Charged Creeper
70%
A diamond-wearing, significantly more deadly version of the undead Diamond Armor Zombie
54%
A brown version of an animal similar to a cow Brown Mooshroom
51%
Drowned Undead with a fishing item Drowned with a Fishing Rod
51%
Blue version of our favorite, small, pink friend Blue Axolotl
43%
A brown version of a black and white animal Brown Panda
43%
A horseman back from the dead Skeleton Horseman
41%
Zombified pig from the nether Zoglin
41%
No matching quizzes found
Score Distribution
Percent of People with Each Score
Percentile by Number Answered
Your Score History
You have not taken this quiz